000 00310 a2200145 4500
001 170262
020 _a
040 _cMagnum
100 _aLinardi, Pedro Marcos
240 1 0 _aFabulas parasitologicas
_lpor
245 1 0 _aFabulas parasitologicas
362 0 _a1899
697 _aPARADIDATICOS
942 _cBK
999 _c170262
_d170262